[Event "SVK-chT1E 2223"]
[Site "Slovakia"]
[Date "2023.01.14"]
[Round "7.6"]
[White "Antal, Lubomir"]
[Black "Gregor, Michal"]
[Result "0-1"]
[WhiteElo "1726"]
[BlackElo "2204"]
[PlyCount "46"]
[EventDate "2022.10.15"]
[EventType "team-tourn"]
[EventRounds "11"]
[EventCountry "SVK"]
[SourceTitle "EXT 2024"]
[Source "ChessBase"]
[SourceDate "2023.10.10"]
[SourceVersion "1"]
[SourceVersionDate "2023.10.10"]
[SourceQuality "1"]
[WhiteTeam "Kezmarok KdV"]
[BlackTeam "Banska Bystrica Junior"]
[WhiteTeamCountry "SVK"]
[BlackTeamCountry "SVK"]

1. e4 d5 2. exd5 Qxd5 3. Nf3 Nc6 4. d4 Bg4 5. Be3 Nf6 6. h3 Bh5 7. Nc3 Qa5 8. Bc4 e6 9. 0-0 0-0-0 10. Be2 e5 11. Bd2 Bxf3 12. Bxf3 Nxd4 13. Bg4+ Nxg4 14. Qxg4+ f5 15. Qd1 Bb4 16. Re1 g6 17. a3 Bxc3 18. Bxc3 Qc5 19. Qd3 Nb3 20. Rxe5 Rxd3 21. Rxc5 Rxc3 22. Rxc3 Nxa1 23. Kf1 Re8 0-1

[Event "SVK-chT1E 2223"]
[Site "Slovakia"]
[Date "2022.12.03"]
[Round "5.6"]
[White "Minich, Miroslav"]
[Black "Gregor, Michal"]
[Result "1/2-1/2"]
[WhiteElo "1957"]
[BlackElo "2204"]
[PlyCount "37"]
[EventDate "2022.10.15"]
[EventType "team-tourn"]
[EventRounds "11"]
[EventCountry "SVK"]
[SourceTitle "EXT 2024"]
[Source "ChessBase"]
[SourceDate "2023.10.10"]
[SourceVersion "1"]
[SourceVersionDate "2023.10.10"]
[SourceQuality "1"]
[WhiteTeam "Zvolen Slavia"]
[BlackTeam "Banska Bystrica Junior"]
[WhiteTeamCountry "SVK"]
[BlackTeamCountry "SVK"]

1. c3 Nf6 2. d4 d5 3. Bf4 c6 4. e3 Bf5 5. Qb3 Qb6 6. Nd2 e6 7. Ngf3 h6 8. Be2 Nbd7 9. h3 Be7 10. 0-0 0-0 11. Rfc1 c5 12. c4 Bg6 13. dxc5 Bxc5 14. Ne5 Nxe5 15. Bxe5 Nd7 16. Bc3 dxc4 17. Qxb6 Nxb6 18. Nxc4 Nxc4 19. Bxc4 1/2-1/2

[Event "SVK-chT1E 2223"]
[Site "Slovakia"]
[Date "2022.10.15"]
[Round "1.5"]
[White "Gregor, Michal"]
[Black "Matejov, Jaroslav"]
[Result "1-0"]
[WhiteElo "2204"]
[BlackElo "1935"]
[PlyCount "31"]
[EventDate "2022.10.15"]
[EventType "team-tourn"]
[EventRounds "11"]
[EventCountry "SVK"]
[SourceTitle "EXT 2024"]
[Source "ChessBase"]
[SourceDate "2023.10.10"]
[SourceVersion "1"]
[SourceVersionDate "2023.10.10"]
[SourceQuality "1"]
[WhiteTeam "Banska Bystrica Junior"]
[BlackTeam "Zilina Mladost II"]
[WhiteTeamCountry "SVK"]
[BlackTeamCountry "SVK"]

1. e4 Nf6 2. Nc3 e5 3. f4 d5 4. fxe5 Nxe4 5. Qf3 f5 6. d3 Nxc3 7. bxc3 d4 8. Qg3 c5 9. Be2 Qa5 10. Bh5+ Kd7 11. e6+ Kxe6 12. Nf3 Qxc3+ 13. Bd2 Qxa1+ 14. Kf2 Qxh1 15. Qe5+ Kd7 16. Be8+ 1-0

[Event "SVK-chT1E 0910"]
[Site "Slovakia"]
[Date "2010.02.14"]
[Round "9.6"]
[White "Kendi, Stefan"]
[Black "Gregor, Michal"]
[Result "1-0"]
[WhiteElo "1987"]
[BlackElo "2116"]
[PlyCount "56"]
[EventDate "2009.10.17"]
[EventType "team"]
[EventRounds "11"]
[EventCountry "SVK"]
[SourceTitle "EXT 2011"]
[Source "ChessBase"]
[SourceDate "2010.11.26"]
[SourceVersion "1"]
[SourceVersionDate "2010.11.26"]
[SourceQuality "1"]
[WhiteTeam "Kosice"]
[BlackTeam "Banska Bystrica"]
[WhiteTeamCountry "SVK"]
[BlackTeamCountry "SVK"]

1. e4 d5 2. e5 c5 3. f4 Nc6 4. Nf3 Bg4 5. Be2 e6 6. 0-0 Nge7 7. d3 Nf5 8. c3 Be7 9. Na3 h5 10. Nc2 Qb6 11. Rb1 d4 12. c4 a5 13. a3 Bxf3 14. Bxf3 h4 15. Bd2 a4 16. Be4 g6 17. Qf3 Kd7 18. Na1 Na5 19. Bxa5 Rxa5 20. b3 Qc7 21. bxa4 b6 22. Rb5 Rxa4 23. Rfb1 Rb8 24. Nc2 Bd8 25. g4 hxg3 26. hxg3 Ke7 27. Kf2 f6 28. Rh1 Kf8 1-0

[Event "SVK-chT1E 0910"]
[Site "Slovakia"]
[Date "2010.01.17"]
[Round "7.4"]
[White "Zvarikova, Alexandra"]
[Black "Gregor, Michal"]
[Result "0-1"]
[WhiteElo "2003"]
[BlackElo "2116"]
[PlyCount "96"]
[EventDate "2009.10.17"]
[EventType "team"]
[EventRounds "11"]
[EventCountry "SVK"]
[SourceTitle "EXT 2011"]
[Source "ChessBase"]
[SourceDate "2010.11.26"]
[SourceVersion "1"]
[SourceVersionDate "2010.11.26"]
[SourceQuality "1"]
[WhiteTeam "Zilina Mladost juniors"]
[BlackTeam "Banska Bystrica"]
[WhiteTeamCountry "SVK"]
[BlackTeamCountry "SVK"]

1. e4 d5 2. exd5 Nf6 3. Bb5+ Bd7 4. Bc4 Bg4 5. f3 Bf5 6. Nc3 Nbd7 7. Nge2 Nb6 8. Bb3 Nfxd5 9. Nxd5 Nxd5 10. d4 e6 11. 0-0 Qd7 12. Ng3 Bg6 13. c4 Nf6 14. Be3 Be7 15. Qe2 h5 16. Bc2 Bxc2 17. Qxc2 c6 18. Rad1 Qc7 19. Ne4 Rd8 20. Qa4 0-0 21. Bg5 Qb6 22. c5 Qxb2 23. Rf2 Qb5 24. Qc2 Nxe4 25. Bxe7 Nxf2 26. Qxf2 Rfe8 27. Bxd8 Rxd8 28. Qh4 Rd5 29. Qe4 Qc4 30. a3 e5 31. Qf5 Qe2 32. Qc8+ Kh7 33. Qf5+ Kh6 34. Rf1 Qe3+ 35. Kh1 exd4 36. Qxf7 Qe2 37. Rg1 d3 38. Qxb7 Qe6 39. Qb1 d2 40. Qd1 Qe3 41. g4 Rxc5 42. g5+ Rxg5 43. Rxg5 Kxg5 44. Kg2 Qe1 45. h4+ Kf6 46. Qa4 Qe2+ 47. Kg3 d1Q 48. Qxc6+ Qe6 0-1

[Event "SVK-chT1E 0910"]
[Site "Slovakia"]
[Date "2010.01.16"]
[Round "6.3"]
[White "Gregor, Michal"]
[Black "Tomcik, Milan"]
[Result "1-0"]
[WhiteElo "2116"]
[BlackElo "2080"]
[PlyCount "57"]
[EventDate "2009.10.17"]
[EventType "team"]
[EventRounds "11"]
[EventCountry "SVK"]
[SourceTitle "EXT 2011"]
[Source "ChessBase"]
[SourceDate "2010.11.26"]
[SourceVersion "1"]
[SourceVersionDate "2010.11.26"]
[SourceQuality "1"]
[WhiteTeam "Banska Bystrica"]
[BlackTeam "Rajecke Teplice"]
[WhiteTeamCountry "SVK"]
[BlackTeamCountry "SVK"]

1. e4 c6 2. d4 d5 3. e5 Bf5 4. h4 h5 5. c4 e6 6. Nc3 Ne7 7. Bg5 Qb6 8. Qd2 Na6 9. c5 Qa5 10. a3 b6 11. Nb5 Qxd2+ 12. Kxd2 Nc8 13. Nd6+ Nxd6 14. cxd6 Nb8 15. Nf3 a5 16. Rc1 Kd7 17. Be2 g6 18. Rc3 Bg4 19. b4 axb4 20. axb4 Bh6 21. Bxh6 Rxh6 22. b5 Ra2+ 23. Ke3 c5 24. dxc5 bxc5 25. Rxc5 Ra3+ 26. Bd3 Ra7 27. Rhc1 Rh8 28. b6 Rb7 29. Bb5+ 1-0

[Event "SVK-chT1E 0910"]
[Site "Slovakia"]
[Date "2009.12.13"]
[Round "5.4"]
[White "Gregor, Michal"]
[Black "Pal, Peter"]
[Result "1-0"]
[WhiteElo "2116"]
[BlackElo "2124"]
[PlyCount "47"]
[EventDate "2009.10.17"]
[EventType "team"]
[EventRounds "11"]
[EventCountry "SVK"]
[SourceTitle "EXT 2011"]
[Source "ChessBase"]
[SourceDate "2010.11.26"]
[SourceVersion "1"]
[SourceVersionDate "2010.11.26"]
[SourceQuality "1"]
[WhiteTeam "Banska Bystrica"]
[BlackTeam "Filakovo"]
[WhiteTeamCountry "SVK"]
[BlackTeamCountry "SVK"]

1. e4 c5 2. Nf3 Nc6 3. d4 cxd4 4. Nxd4 Nf6 5. Nc3 e5 6. Ndb5 d6 7. Bg5 a6 8. Na3 b5 9. Nd5 Be7 10. Bxf6 Bxf6 11. c3 0-0 12. Nc2 Bg5 13. a4 bxa4 14. Rxa4 Ne7 15. Bc4 Bb7 16. 0-0 a5 17. Qd3 Nxd5 18. Bxd5 Bxd5 19. Qxd5 Qb8 20. Rb1 Rc8 21. Rxa5 Rxa5 22. Qxa5 Qb3 23. Nb4 h6 24. Qa2 1-0

[Event "SVK-chT2C 0708"]
[Site "Slovakia"]
[Date "2008.02.02"]
[Round "8.4"]
[White "Jelen, Peter1111"]
[Black "Gregor, Michal"]
[Result "1/2-1/2"]
[WhiteElo "2009"]
[BlackElo "2148"]
[PlyCount "40"]
[EventDate "2007.10.06"]
[EventType "team-tourn"]
[EventRounds "11"]
[EventCountry "SVK"]
[SourceTitle "EXT 2010"]
[Source "ChessBase"]
[SourceDate "2010.11.25"]
[SourceVersion "1"]
[SourceVersionDate "2010.11.25"]
[SourceQuality "1"]
[WhiteTeam "Liptov SK III"]
[BlackTeam "Banska Bystrica Junior"]
[WhiteTeamCountry "SVK"]
[BlackTeamCountry "SVK"]

1. e4 d5 2. exd5 Nf6 3. Nc3 Nxd5 4. Nxd5 Qxd5 5. d4 Nc6 6. c3 e5 7. dxe5 Qxd1+ 8. Kxd1 Nxe5 9. Bf4 Bd6 10. Bxe5 Bxe5 11. Bd3 Bg4+ 12. Kc2 0-0-0 13. f3 Be6 14. Ne2 Rd6 15. f4 Rhd8 16. Rhd1 Rxd3 17. Rxd3 Bf5 18. Rad1 Bf6 19. Ng3 Bxd3+ 20. Rxd3 g6 1/2-1/2

[Event "SVK-chT2C 0708"]
[Site "Slovakia"]
[Date "2007.12.01"]
[Round "5.2"]
[White "Gregor, Michal"]
[Black "Kanos, Jozef"]
[Result "1-0"]
[WhiteElo "2148"]
[BlackElo "2037"]
[PlyCount "75"]
[EventDate "2007.10.06"]
[EventType "team-tourn"]
[EventRounds "11"]
[EventCountry "SVK"]
[SourceTitle "EXT 2010"]
[Source "ChessBase"]
[SourceDate "2010.11.25"]
[SourceVersion "1"]
[SourceVersionDate "2010.11.25"]
[SourceQuality "1"]
[WhiteTeam "Banska Bystrica Junior"]
[BlackTeam "Banska Bystrica CVC"]
[WhiteTeamCountry "SVK"]
[BlackTeamCountry "SVK"]

1. e4 e6 2. d3 g6 3. Nf3 Bg7 4. g3 c5 5. Bg2 Qb6 6. c3 Nc6 7. Nbd2 Nge7 8. 0-0 d6 9. Nh4 0-0 10. Nc4 Qc7 11. f4 f5 12. Ne3 Bf6 13. Nf3 Rb8 14. Re1 b5 15. exf5 Nxf5 16. a3 Bd7 17. Nxf5 exf5 18. Qb3+ c4 19. dxc4 Na5 20. Qd1 Nxc4 21. Qd5+ Kg7 22. Ng5 Qc5+ 23. Be3 Qxd5 24. Bxd5 Nxe3 25. Rxe3 Bxg5 26. fxg5 Rbe8 27. Rae1 Rxe3 28. Rxe3 Re8 29. Rxe8 Bxe8 30. Kf2 Bf7 31. Bxf7 Kxf7 32. Ke3 Ke6 33. Kd4 a6 34. b3 f4 35. gxf4 Kf5 36. Kd5 Kxf4 37. Kxd6 Kxg5 38. c4 1-0

[Event "SVK-chT1E 0708"]
[Site "Slovakia"]
[Date "2007.10.13"]
[Round "1.2"]
[White "Mazur, Stefan"]
[Black "Gregor, Michal"]
[Result "1-0"]
[WhiteElo "2144"]
[BlackElo "2145"]
[PlyCount "37"]
[EventDate "2007.10.13"]
[EventType "team-swiss"]
[EventRounds "11"]
[EventCountry "SVK"]
[SourceTitle "EXT 2009"]
[Source "ChessBase"]
[SourceDate "2008.11.26"]
[SourceVersion "1"]
[SourceVersionDate "2008.11.26"]
[SourceQuality "1"]
[WhiteTeam "Michalovce Zemplin"]
[BlackTeam "Liptov SK II"]
[WhiteTeamCountry "SVK"]
[BlackTeamCountry "SVK"]

1. e4 d5 2. exd5 Nf6 3. Bb5+ Bd7 4. Be2 Nxd5 5. d4 Bf5 6. Nf3 e6 7. 0-0 Be7 8. c4 Nb4 9. Na3 0-0 10. Bf4 N8c6 11. Nb5 Rc8 12. a3 Nc2 13. Rc1 a6 14. d5 exd5 15. cxd5 Nb8 16. Na7 Bd6 17. Bxd6 cxd6 18. Nxc8 Qxc8 19. Bd3 1-0

[Event "SVK-chT2C 0708"]
[Site "Slovakia"]
[Date "2007.10.06"]
[Round "1.3"]
[White "Gregor, Michal"]
[Black "Brhel, Jan"]
[Result "1/2-1/2"]
[WhiteElo "2148"]
[BlackElo "2104"]
[PlyCount "47"]
[EventDate "2007.10.06"]
[EventType "team-tourn"]
[EventRounds "11"]
[EventCountry "SVK"]
[SourceTitle "EXT 2010"]
[Source "ChessBase"]
[SourceDate "2010.11.25"]
[SourceVersion "1"]
[SourceVersionDate "2010.11.25"]
[SourceQuality "1"]
[WhiteTeam "Banska Bystrica Junior"]
[BlackTeam "Zilina Central"]
[WhiteTeamCountry "SVK"]
[BlackTeamCountry "SVK"]

1. Nf3 Nf6 2. d3 d5 3. Nbd2 b6 4. e4 e6 5. c3 c5 6. e5 Nfd7 7. d4 cxd4 8. cxd4 f6 9. exf6 Nxf6 10. Bd3 Bd6 11. 0-0 0-0 12. Ne5 Ba6 13. Bxa6 Nxa6 14. Qe2 Nb4 15. Ndf3 Rc8 16. a3 Nc2 17. Rb1 Ne4 18. Be3 Qc7 19. Nd3 Nxe3 20. Qxe3 Bf4 21. Nxf4 Qxf4 22. Qxf4 Rxf4 23. Rbc1 Rff8 24. Rfe1 1/2-1/2

[Event "SVK-chT1E 0607"]
[Site "Slovakia"]
[Date "2007.03.25"]
[Round "11.5"]
[White "Csolto, Tibor"]
[Black "Gregor, Michal"]
[Result "1/2-1/2"]
[WhiteElo "2159"]
[BlackElo "2109"]
[PlyCount "20"]
[EventDate "2006.10.07"]
[EventType "team-tourn"]
[EventRounds "11"]
[EventCountry "SVK"]
[SourceTitle "EXT 2008"]
[Source "ChessBase"]
[SourceDate "2007.11.25"]
[SourceVersion "1"]
[SourceVersionDate "2007.11.25"]
[SourceQuality "1"]
[WhiteTeam "Kosice Slavia UPJS II"]
[BlackTeam "Liptov SK Zapad"]
[WhiteTeamCountry "SVK"]
[BlackTeamCountry "SVK"]

1. Nf3 Nf6 2. d4 d5 3. Bf4 Bf5 4. c3 e6 5. Nbd2 Nbd7 6. e3 Be7 7. Be2 0-0 8. 0-0 c5 9. h3 h6 10. a3 b6 1/2-1/2

[Event "SVK-chT2C 0607"]
[Site "Slovakia"]
[Date "2007.03.18"]
[Round "11.1"]
[White "Gregor, Michal"]
[Black "Miciak, Maros"]
[Result "1-0"]
[WhiteElo "2150"]
[BlackElo "2036"]
[PlyCount "71"]
[EventDate "2006.10.14"]
[EventType "team-tourn"]
[EventRounds "11"]
[EventCountry "SVK"]
[SourceTitle "EXT 2019"]
[Source "ChessBase"]
[SourceDate "2018.10.10"]
[SourceVersion "1"]
[SourceVersionDate "2018.10.10"]
[SourceQuality "1"]
[WhiteTeam "Banska Bystrica TH Junior"]
[BlackTeam "Zilina Central"]
[WhiteTeamCountry "SVK"]
[BlackTeamCountry "SVK"]

1. Nf3 d5 2. g3 Nf6 3. Bg2 e6 4. 0-0 Be7 5. d3 b6 6. Nbd2 Bb7 7. e4 dxe4 8. Ng5 Nbd7 9. Ngxe4 Nxe4 10. Nxe4 0-0 11. Qe2 Kh8 12. f4 Nf6 13. Be3 Nd5 14. Bf2 c5 15. Qh5 Rb8 16. a3 f5 17. Ng5 Bxg5 18. fxg5 f4 19. Be4 g6 20. Bxg6 Qe7 21. Rae1 Nc7 22. gxf4 Qg7 23. Be4 Rxf4 24. Bg3 Rxf1+ 25. Kxf1 Rf8+ 26. Kg2 Bxe4+ 27. Rxe4 Rf5 28. h4 e5 29. Qg4 Qf7 30. Bxe5+ Kg8 31. Bxc7 Rf2+ 32. Kg3 Rf1 33. Qc8+ Kg7 34. Be5+ Kg6 35. Qc6+ Kf5 36. Qf6+ 1-0

[Event "SVK-chT1E 0607"]
[Site "Slovakia"]
[Date "2006.11.05"]
[Round "4.5"]
[White "Krajnak, Martin"]
[Black "Gregor, Michal"]
[Result "1-0"]
[WhiteElo "2290"]
[BlackElo "2109"]
[PlyCount "101"]
[EventDate "2006.10.07"]
[EventType "team-tourn"]
[EventRounds "11"]
[EventCountry "SVK"]
[SourceTitle "EXT 2008"]
[Source "ChessBase"]
[SourceDate "2007.11.25"]
[SourceVersion "1"]
[SourceVersionDate "2007.11.25"]
[SourceQuality "1"]
[WhiteTeam "Kezmarok KdV"]
[BlackTeam "Liptov SK Zapad"]
[WhiteTeamCountry "SVK"]
[BlackTeamCountry "SVK"]

1. Nc3 Nf6 2. e4 d5 3. exd5 Nxd5 4. Bc4 Nb6 5. Bb3 c5 6. d3 Nc6 7. Qh5 e6 8. Bg5 Be7 9. Nf3 Nd4 10. Bxe7 Nxf3+ 11. Qxf3 Qxe7 12. a4 0-0 13. 0-0 Rb8 14. Qg3 Bd7 15. a5 Na8 16. Rfe1 Bc6 17. Nd5 Bxd5 18. Bxd5 Qc7 19. Bc4 Qxg3 20. hxg3 Nc7 21. Re5 b6 22. axb6 axb6 23. Ra7 Rfc8 24. f4 Kf8 25. f5 f6 26. Rxe6 Nxe6 27. fxe6 Re8 28. Rf7+ Kg8 29. Bd5 h6 30. Kf2 Rbd8 31. Rd7 Rb8 32. e7+ Kh7 33. Bf7 g5 34. g4 Kg7 35. Bh5 f5 36. gxf5 Kf6 37. Bxe8 Rxe8 38. Rd6+ Kxf5 39. Rxh6 Rxe7 40. Rxb6 Ke5 41. Rb5 Kd4 42. Ra5 Rf7+ 43. Ke2 Re7+ 44. Kd2 Rf7 45. Ra4+ Ke5 46. Ke2 Rb7 47. b3 Rf7 48. Re4+ Kd5 49. b4 cxb4 50. Rxb4 Rc7 51. Kd2 1-0

[Event "SVK-chT2C 0607"]
[Site "Slovakia"]
[Date "2006.10.14"]
[Round "1.2"]
[White "Gregor, Michal"]
[Black "Bochnickova, Andrea"]
[Result "1-0"]
[WhiteElo "2150"]
[BlackElo "2175"]
[PlyCount "63"]
[EventDate "2006.10.14"]
[EventType "team-tourn"]
[EventRounds "11"]
[EventCountry "SVK"]
[SourceTitle "EXT 2008"]
[Source "ChessBase"]
[SourceDate "2007.11.25"]
[SourceVersion "1"]
[SourceVersionDate "2007.11.25"]
[SourceQuality "1"]
[WhiteTeam "Banska Bystrica TH Junior"]
[BlackTeam "Martin MSK"]
[WhiteTeamCountry "SVK"]
[BlackTeamCountry "SVK"]

1. e4 c5 2. Nf3 e6 3. d3 Nc6 4. g3 Nge7 5. Bg2 g6 6. 0-0 Bg7 7. c3 d5 8. Re1 dxe4 9. dxe4 0-0 10. Qe2 b6 11. Rd1 Qc7 12. Na3 a6 13. Bf4 e5 14. Be3 Bb7 15. Nc4 Rfd8 16. a4 b5 17. axb5 axb5 18. Rxa8 Bxa8 19. Na3 b4 20. Nb5 Rxd1+ 21. Qxd1 Qa5 22. Bf1 bxc3 23. bxc3 h6 24. Bxc5 Bb7 25. Qd7 Ba6 26. Qe8+ Kh7 27. c4 Bxb5 28. cxb5 Qc3 29. Bxe7 Nxe7 30. Qxe7 Qxf3 31. b6 Qxe4 32. b7 1-0

[Event "SVK-chT2C 0506"]
[Site "Slovakia"]
[Date "2006.03.12"]
[Round "11"]
[White "Gregor, Michal"]
[Black "Zuberec, Milan"]
[Result "1-0"]
[WhiteElo "2127"]
[BlackElo "2169"]
[PlyCount "97"]
[EventDate "2005.10.22"]
[EventType "team-tourn"]
[EventRounds "11"]
[EventCountry "SVK"]
[SourceTitle "EXT 2009"]
[Source "ChessBase"]
[SourceDate "2008.11.26"]
[SourceVersion "1"]
[SourceVersionDate "2008.11.26"]
[SourceQuality "1"]

1. Nf3 Nf6 2. d3 g6 3. g3 Bg7 4. Bg2 0-0 5. 0-0 d6 6. e4 e5 7. c3 Nc6 8. h3 h6 9. Be3 Be6 10. Nbd2 Qd7 11. Kh2 d5 12. Nb3 b6 13. exd5 Nxd5 14. d4 Rad8 15. Bd2 Nde7 16. dxe5 Nxe5 17. Nxe5 Bxe5 18. Bxh6 Qb5 19. Qc2 Rfe8 20. Nd4 Bxd4 21. cxd4 Nf5 22. Bc6 Qa5 23. Bxe8 Nxd4 24. Qe4 Qh5 25. g4 Qxh6 26. Rad1 c5 27. Bc6 Nxc6 28. Qxc6 Rxd1 29. Rxd1 Bxg4 30. Rd8+ Kg7 31. Qg2 Be6 32. Qg3 Qh5 33. b3 Qf5 34. Qh4 Qe5+ 35. Kg1 Qh5 36. Qxh5 gxh5 37. Ra8 c4 38. bxc4 Bxc4 39. Rxa7 Kf6 40. Kg2 Ke5 41. Kg3 b5 42. Kh4 Kd4 43. a3 Be6 44. Kxh5 Bxh3 45. Rxf7 Kc4 46. f4 b4 47. axb4 Kxb4 48. Rc7 Kb5 49. Kg5 1-0

[Event "SVK-chT2C 0506"]
[Site "Slovakia"]
[Date "2006.02.12"]
[Round "9.3"]
[White "Mocary, Metod"]
[Black "Gregor, Michal"]
[Result "1/2-1/2"]
[WhiteElo "2096"]
[BlackElo "2127"]
[PlyCount "92"]
[EventDate "2005.10.22"]
[EventType "team-tourn"]
[EventRounds "11"]
[EventCountry "SVK"]
[SourceTitle "EXT 2009"]
[Source "ChessBase"]
[SourceDate "2008.11.26"]
[SourceVersion "1"]
[SourceVersionDate "2008.11.26"]
[SourceQuality "1"]

1. d4 Nf6 2. g3 d5 3. Bg2 c6 4. Nf3 Bf5 5. 0-0 h6 6. c3 Nbd7 7. Nbd2 e6 8. Re1 Be7 9. Nb3 0-0 10. Bf4 b6 11. Ne5 Rc8 12. Nd2 g5 13. Nxd7 Nxd7 14. Be3 c5 15. Rc1 cxd4 16. cxd4 Nb8 17. a3 Qd7 18. Nf3 f6 19. Qd2 Nc6 20. h4 Na5 21. hxg5 hxg5 22. Rxc8 Rxc8 23. Rc1 Kg7 24. Rxc8 Qxc8 25. Qc1 Nc4 26. Nd2 b5 27. Nxc4 bxc4 28. Bd2 Qa6 29. Bc3 Qa4 30. f3 Qc2 31. Qxc2 Bxc2 32. Kf2 f5 33. e3 Bd6 34. f4 gxf4 35. exf4 Be4 36. Bf1 Kg6 37. Be2 Kf7 38. Bd1 Kg6 39. Be2 Bc2 40. Bf3 Kf6 41. Ke3 Ke7 42. Kd2 Ba4 43. Ke3 Kd7 44. Bh5 Bc2 45. Kd2 Bb3 46. Ke3 Bc2 1/2-1/2

[Event "SVK-chT1E 0506"]
[Site "Slovakia"]
[Date "2006.02.05"]
[Round "9"]
[White "Lengyel, Laszlo"]
[Black "Gregor, Michal"]
[Result "1-0"]
[WhiteElo "2212"]
[BlackElo "2127"]
[PlyCount "109"]
[EventDate "2005.10.15"]
[EventType "team"]
[EventRounds "11"]
[EventCountry "SVK"]
[SourceTitle "EXT 2009"]
[Source "ChessBase"]
[SourceDate "2008.11.26"]
[SourceVersion "1"]
[SourceVersionDate "2008.11.26"]
[SourceQuality "1"]

1. c4 Nf6 2. Nf3 c6 3. Nc3 d5 4. e3 e6 5. a3 Be7 6. d4 0-0 7. Qc2 Nbd7 8. b3 b6 9. Bd3 Bb7 10. 0-0 h6 11. Bb2 c5 12. cxd5 cxd4 13. Nxd4 Nxd5 14. Nxd5 Bxd5 15. b4 Bf6 16. Ba6 Nb8 17. Be2 Bb7 18. Rfd1 Qe7 19. Rac1 Rd8 20. Bd3 g6 21. b5 Nd7 22. Be4 Bxe4 23. Qxe4 Nc5 24. Qf3 Bxd4 25. Rxd4 e5 26. Rdd1 e4 27. Qf6 Qxf6 28. Bxf6 Rxd1+ 29. Rxd1 Rc8 30. f3 Kf8 31. Rc1 exf3 32. gxf3 Ke8 33. Kg2 Kd7 34. Bg7 h5 35. e4 Ke6 36. Rd1 Nd7 37. f4 f5 38. e5 Rc2+ 39. Kg3 Rc3+ 40. Kh4 Rc7 41. Kg5 Kf7 42. Bf6 Nc5 43. Kh6 Rd7 44. Rg1 Ne6 45. Rxg6 Rd4 46. Bg5 Nxf4 47. Rf6+ Ke8 48. Rxf5 Ne6 49. h4 Rd5 50. Bf6 Nd4 51. Rxh5 Nxb5 52. Kg6 a5 53. Kf5 Rd2 54. e6 Nd6+ 55. Kg6 1-0

[Event "SVK-chT2C 0506"]
[Site "Slovakia"]
[Date "2005.12.18"]
[Round "6.3"]
[White "Gregor, Michal"]
[Black "Okos, Alexander"]
[Result "0-1"]
[WhiteElo "2127"]
[BlackElo "2126"]
[PlyCount "84"]
[EventDate "2005.10.22"]
[EventType "team-tourn"]
[EventRounds "11"]
[EventCountry "SVK"]
[SourceTitle "EXT 2009"]
[Source "ChessBase"]
[SourceDate "2008.11.26"]
[SourceVersion "1"]
[SourceVersionDate "2008.11.26"]
[SourceQuality "1"]

1. e4 d6 2. d4 Nf6 3. Nc3 e5 4. dxe5 dxe5 5. Qxd8+ Kxd8 6. Bg5 Be6 7. 0-0-0+ Kc8 8. Nf3 Bb4 9. Bxf6 gxf6 10. Nd5 Bxd5 11. Rxd5 Nc6 12. g3 Bd6 13. c3 a6 14. Bh3+ Kb8 15. Kc2 Ka7 16. a4 Ne7 17. Rd3 b5 18. Nh4 Kb6 19. Ra1 Rad8 20. a5+ Kb7 21. Rad1 Kc6 22. b4 Rb8 23. Ng2 Rhg8 24. Ne3 Rg5 25. Bf5 Rgg8 26. f3 h5 27. Bh3 Rg5 28. Bg2 Rgg8 29. f4 h4 30. g4 Ng6 31. Nd5 Nxf4 32. Nxf4 Rxg4 33. Nd5 Rxg2+ 34. R1d2 Rxd2+ 35. Rxd2 Rg8 36. Nxf6 Rg6 37. Rf2 h3 38. Kd2 Rg2 39. Ke2 Be7 40. Nh5 Bh4 41. Ng3 Bxg3 42. hxg3 h2 0-1

[Event "SVK-chT1E 0506"]
[Site "Slovakia"]
[Date "2005.10.16"]
[Round "2"]
[White "Gregor, Michal"]
[Black "Hagara, Martin"]
[Result "0-1"]
[WhiteElo "2127"]
[BlackElo "2159"]
[PlyCount "120"]
[EventDate "2005.10.15"]
[EventType "team"]
[EventRounds "11"]
[EventCountry "SVK"]
[SourceTitle "EXT 2009"]
[Source "ChessBase"]
[SourceDate "2008.11.26"]
[SourceVersion "1"]
[SourceVersionDate "2008.11.26"]
[SourceQuality "1"]

1. e4 e6 2. d3 d5 3. Nd2 c5 4. Ngf3 Nc6 5. g3 Nf6 6. Bg2 Be7 7. 0-0 Bd7 8. e5 Ng4 9. Re1 h5 10. h3 Nh6 11. Nf1 Qb6 12. Rb1 0-0-0 13. Ng5 Nd4 14. c3 Nb5 15. Bf4 h4 16. g4 Rde8 17. a4 Nc7 18. Nf3 Qa5 19. Ra1 Reg8 20. Qd2 Na6 21. Reb1 Bc6 22. Bg5 Bxg5 23. Qxg5 c4 24. d4 Qd8 25. Qxd8+ Kxd8 26. Ne3 g5 27. b4 cxb3 28. Rxb3 Ke7 29. Bf1 Nc7 30. Bb5 Kd7 31. Bxc6+ Kxc6 32. a5 Rg6 33. Nc2 Rb8 34. Nb4+ Kd7 35. Rab1 b5 36. axb6 axb6 37. Nd3 b5 38. Ra1 Ng8 39. Ra7 Rb6 40. Nc5+ Kc6 41. Nd3 Kd7 42. Rba3 Ne7 43. R3a6 Rxa6 44. Nc5+ Kc6 45. Nxa6 Nxa6 46. Rxa6+ Kb7 47. Ra5 Kb6 48. Ra8 Rg7 49. Kg2 Kc6 50. Rb8 Ng8 51. Re8 Kd7 52. Ra8 Ne7 53. Ra7+ Kd8 54. Rb7 Nc6 55. Rxb5 Kc7 56. Kf1 Ne7 57. Ke2 Rg8 58. Ke3 Kc6 59. Ra5 Kb7 60. Kd3 Kb6 0-1

[Event "SVK-chT1E 0506"]
[Site "Slovakia"]
[Date "2005.10.15"]
[Round "1"]
[White "Korytko, Peter"]
[Black "Gregor, Michal"]
[Result "1/2-1/2"]
[WhiteElo "2085"]
[BlackElo "2127"]
[PlyCount "45"]
[EventDate "2005.10.15"]
[EventType "team"]
[EventRounds "11"]
[EventCountry "SVK"]
[SourceTitle "EXT 2009"]
[Source "ChessBase"]
[SourceDate "2008.11.26"]
[SourceVersion "1"]
[SourceVersionDate "2008.11.26"]
[SourceQuality "1"]

1. e4 d5 2. e5 c5 3. f4 Nc6 4. Nf3 Bf5 5. d3 e6 6. Be2 h5 7. 0-0 Be7 8. c3 Nh6 9. Kh1 Rc8 10. Na3 Bg6 11. Nc2 d4 12. c4 Nf5 13. Nfe1 h4 14. Bg4 a6 15. Kg1 b5 16. b3 Rb8 17. Bf3 Qc7 18. Qe2 Kd7 19. Be4 Rh7 20. Qf2 Rbh8 21. Nf3 Rb8 22. Rd1 b4 23. Bd2 1/2-1/2

[Event "Liptovsky Mikulas Liptov op 22nd"]
[Site "Liptovsky Mikulas"]
[Date "2005.09.04"]
[Round "9"]
[White "Gregor, Michal"]
[Black "Sarkozy, Ladislav"]
[Result "1/2-1/2"]
[WhiteElo "2099"]
[BlackElo "2395"]
[PlyCount "21"]
[EventDate "2005.08.29"]
[EventType "swiss"]
[EventRounds "9"]
[EventCountry "SVK"]
[SourceTitle "EXT 2008"]
[Source "ChessBase"]
[SourceDate "2007.11.25"]
[SourceVersion "1"]
[SourceVersionDate "2007.11.25"]
[SourceQuality "1"]

1. Nf3 d5 2. d4 Nf6 3. c4 c6 4. Nc3 Bg4 5. e3 e6 6. Be2 Bb4 7. cxd5 exd5 8. 0-0 0-0 9. Bd2 Nbd7 10. a3 Bd6 11. h3 1/2-1/2